Zisťovanie trhovej pozície firmy bakalárska práca

Enregistré dans:
Détails bibliographiques
Auteur principal: Valkaiová, Silvia
Collectivité auteur: Obchodná fakulta EU. Katedra marketingu
Autres auteurs: Vokounová, Dana, 1962-
Format: Livre
Langue:slovaque
Publié: Bratislava 2011
Tags: Ajouter un tag
Pas de tags, Soyez le premier à ajouter un tag!

MARC

LEADER 00000nbm a2200000 4500
001 0140442
005 20161109111716.7
041 0 |a slo 
044 |a SK 
245 1 0 |a Zisťovanie trhovej pozície firmy  |b bakalárska práca  |c Silvia Valkaiová ; školiteľ: Dana Vokounová 
264 1 |a Bratislava  |c 2011 
300 |a 47 s. 
100 1 |a Valkaiová, Silvia 
700 1 |a Vokounová, Dana, 1962- 
710 2 |a Obchodná fakulta EU. Katedra marketingu